Education of to-day ; a series of addresses delivered at the third Young public school masters' conference at Harrow school in January 1935

Saved in:
Bibliographic Details
Format: Book
Language:English
Published: Cambridge University Press 2014
Tags: Add Tag
No Tags, Be the first to tag this record!

MARC

LEADER 00000nam a22000007a 4500
008 240306b |||||||| |||| 00| 0 eng d
020 |a 9781107678286 
245 |a Education of to-day  |b ; a series of addresses delivered at the third Young public school masters' conference at Harrow school in January 1935  |c  edited by E.D. Laborde.  |g xii, 176 p 
250 |c Larborde, E.D. 
260 |b Cambridge University Press  |c 2014  |h New York  |i 701539  |i 701540  |l LB1.Ed6  |m Education 
500 |a it includes index 
942 |a lcc  |c BK  |e Johnson  |f 06/03/24 
952 |0 0  |1 0  |2 lcc  |4 0  |6 LB0001 E D6  |7 0  |9 4950  |a ED  |b HOL  |c LP  |d 2024-03-06  |l 0  |o LB1.Ed6  |p 2024-0201  |r 2024-03-06 00:00:00  |t 701539  |w 2024-03-06  |y BK 
952 |0 0  |1 0  |2 lcc  |4 0  |6 LB0001 E D6  |7 0  |9 4951  |a HOL  |b HOL  |c LP  |d 2024-03-06  |l 0  |o LB1.Ed6  |p 2024-0202  |r 2024-03-06 00:00:00  |t 701540  |w 2024-03-06  |y BK 
999 |c 2457  |d 2457